01021nas a2200241Ia 4500001001100000003000900011008004100020040001300061040001300074041001300087100003800100210001600138222001600154245010100170250001100271260004600282501008600328300001100414310001600425362004000441500026200481650003600743R061/H5124IT-RoPAU151124c99999999xx |||||||||||| ||und|| aIT-RoPAU cIT-RoPAU aFRANCESE aAA.VV. gCodice Aut. SPICS: 12000 aCINEMACTION aCinemaction aCINEMACTION, N. 107 (2/2003) - L'ECRAN AMOUREUXbCinemaction, N. 107 (2/2003) - L'Ecran Amoureux a1a ed. aCONDE' SUR NOIREAU (FRANCE)bCORLETc2003 bPaulus - SPICS - Società San Paolo EM (non-commercial uses only)cCopyright2015 a240 p. aTRIMESTRALE aN. 107 (2/2003) - L'ECRAN. AMOUREUX aNumero Monografico Sull'Amore Sullo Schermo con Contributi di Autori Vari Sotto la Direzione di Denitza Bantcheva. Amore e Società: Differenze Sociali, Ostacolo Insormontabile? (Sabrina e L'Appartamento di B. Wilder); Silenzio del Mare di J.P. Melville e  aCINEMAvPUBBLICAZIONE PERIODICA